International money and finance /
Introduction. Some basic concepts in international finance. Spot and forward exchange rates. Income and the balance of payments. Macroeconomics in an open economy. International policy coordination. Purchasing power parity...
Guardat en:
| Autor principal: | |
|---|---|
| Altres autors: | |
| Format: | Llibre |
| Idioma: | English |
| Publicat: |
Malden, MA :
Blackwell,
2000.
|
| Edició: | 3rd ed. |
| Matèries: | |
| Etiquetes: |
Afegir etiqueta
Sense etiquetes, Sigues el primer a etiquetar aquest registre!
|
| Thư viện lưu trữ: | Mạng thư viện Đại học Đà Nẵng |
|---|
| LEADER | 01136cam a2200361 i 4500 | ||
|---|---|---|---|
| 001 | 000048490 | ||
| 003 | 8209 | ||
| 005 | 20030321161744.0 | ||
| 008 | 010315|2000 vm 000 eng | ||
| 020 | |a 0631204628 | ||
| 040 | |a IRC |c IRC |d IRC | ||
| 041 | 0 | |a eng | |
| 082 | 1 | 4 | |a 332.45 |b HA-P |
| 100 | 1 | |a Hallwood, Paul C. | |
| 245 | 0 | 0 | |a International money and finance / |c C. Paul Hallwood and Ronald MacDonald. |
| 250 | |a 3rd ed. | ||
| 260 | |a Malden, MA : |b Blackwell, |c 2000. | ||
| 300 | |a xviii, 547 p. : |b ill. ; |c 24.5cm. | ||
| 520 | 3 | |a Introduction. Some basic concepts in international finance. Spot and forward exchange rates. Income and the balance of payments. Macroeconomics in an open economy. International policy coordination. Purchasing power parity... | |
| 630 | 0 | 4 | |a Finance. |
| 630 | 0 | 4 | |a Economics. |
| 650 | 0 | 4 | |a International finance. |
| 700 | 1 | |a MacDonald, Ronald. | |
| OWN | |a DUT | ||
| 999 | |a From the UDN01 | ||
| TYP | |a Monograph | ||
| TYP | |a Printed language | ||
| 980 | |a Mạng thư viện Đại học Đà Nẵng | ||


